Soạn thảo thành công một bản lý lịch

Gardado en:
Detalles Bibliográficos
Formato: Libro
Idioma:Undetermined
Publicado: Thành phố Hồ Chí Minh Tổng hợp Thành phố Hồ Chí Minh 2004
Những chủ đề:
Các nhãn: Engadir etiqueta
Sen Etiquetas, Sexa o primeiro en etiquetar este rexistro!
Thư viện lưu trữ: Trung tâm Học liệu Trường Đại học Cần Thơ
LEADER 00613nam a2200181Ia 4500
001 CTU_64428
008 210402s9999 xx 000 0 und d
020 |b 12000 
082 |a 650.14 
082 |b S406 
245 0 |a Soạn thảo thành công một bản lý lịch 
245 0 |c Phạm Văn Nga và Phạm Nguyên Giang biên dịch 
260 |a Thành phố Hồ Chí Minh 
260 |b Tổng hợp Thành phố Hồ Chí Minh 
260 |c 2004 
650 |a Technical correspondence 
904 |i Minh (Nguêynsửa) 
980 |a Trung tâm Học liệu Trường Đại học Cần Thơ